| 000 | 00691cam a22002413a 4500 | ||
|---|---|---|---|
| 001 | 2056 | ||
| 003 | PGUSA | ||
| 005 | 20140828083010.0 | ||
| 008 | 000201s2000||||xxu|||||s|||||000 | eng d | ||
| 040 |
_aPGUSA _beng |
||
| 042 | _adc | ||
| 050 | 4 | _aBV | |
| 100 | 1 |
_aSmith, George, _d1833-1919 |
|
| 245 | 1 | 4 |
_aThe Life of William Carey, Shoemaker and Missionary _h[electronic resource] / _cGeorge Smith |
| 260 |
_bProject Gutenberg, _c2000 |
||
| 506 | _aPublic domain in the USA. | ||
| 516 | _aElectronic text | ||
| 653 | _aCarey, William, 1761-1834 | ||
| 653 | _aMissions -- India | ||
| 830 | 0 |
_aProject Gutenberg _v2056 |
|
| 856 | 4 | 0 | _uhttp://www.gutenberg.org/ebooks/2056 |
| 942 | _cEB | ||
| 999 |
_c231395 _d231395 |
||